[Event "Moscow Open A 2015"]
[Site "Moscow RUS"]
[Date "2015.01.31"]
[Round "1.50"]
[White "Afanasiev, Nikita"]
[Black "Wan, Yunguo"]
[Result "0-1"]
[WhiteTitle "FM"]
[BlackTitle "IM"]
[WhiteElo "2264"]
[BlackElo "2472"]
[WhiteFideId "24183555"]
[BlackFideId "8603189"]
[EventDate "2015.01.31"]

1. b3 e5 2. Bb2 Nc6 3. c4 Nf6 4. e3 d5 5. cxd5 Nxd5 6. a3 g6 7. b4 a6 8. d3 Bg7
9. Nd2 O-O 10. Rc1 Re8 11. Be2 a5 12. b5 Na7 13. a4 c6 14. bxc6 Nxc6 15. Nc4
Ndb4 16. Nf3 Bf5 17. e4 Bg4 18. Rc3 Bxf3 19. Bxf3 Bf8 20. Ne3 Bc5 21. Bc1 Bd4
22. Ra3 Rc8 23. O-O Bc5 24. Bg4 Rc7 25. Nc4 Na6 26. Ra1 Bd4 27. Rb1 Nc5 28. Kh1
Nb4 29. Nxa5 Nbxd3 30. Nxb7 Rxb7 31. Rxb7 Nxc1 32. Rb5 N1d3 33. Qf3 h5 34. Bh3
Qh4 35. a5 Nxf2+ 0-1

[Event "Moscow Open A 2015"]
[Site "Moscow RUS"]
[Date "2015.01.31"]
[Round "1.51"]
[White "Zaitsev, Alexander"]
[Black "Aliyev, Rasim"]
[Result "1/2-1/2"]
[WhiteTitle "IM"]
[WhiteElo "2472"]
[BlackElo "2257"]
[WhiteFideId "4164490"]
[BlackFideId "13401084"]
[EventDate "2015.01.31"]

1. e4 c6 2. Nc3 d5 3. Nf3 Bg4 4. h3 Bxf3 5. Qxf3 e6 6. d3 Nf6 7. Bd2 Bb4 8. a3
Bd6 9. d4 dxe4 10. Nxe4 Nxe4 11. Qxe4 Nd7 12. Bd3 Nf6 13. Qh4 Qc7 14. Bg5 Be7
15. O-O-O O-O-O 16. Bc4 h6 17. Bxf6 Bxf6 18. Qe4 Bg5+ 19. Kb1 Qf4 20. f3 Qg3 21.
f4 Qxf4 22. Qxf4 Bxf4 23. Rhf1 g5 24. g3 Bxg3 25. Rxf7 Rhe8 26. Rf6 e5 27. Rd3
Bf4 28. dxe5 Rxd3 29. Bxd3 Rxe5 30. Rxh6 Re7 31. Rh8+ Kc7 32. Rh7 Rxh7 33. Bxh7
Kd6 34. c3 b6 1/2-1/2

[Event "Moscow Open A 2015"]
[Site "Moscow RUS"]
[Date "2015.01.31"]
[Round "1.52"]
[White "Galoyan, Levon"]
[Black "Airapetian, Gor"]
[Result "0-1"]
[WhiteTitle "FM"]
[BlackTitle "IM"]
[WhiteElo "2256"]
[BlackElo "2470"]
[WhiteFideId "13302027"]
[BlackFideId "4177916"]
[EventDate "2015.01.31"]

1. d4 Nf6 2. Nf3 e6 3. g3 d5 4. Bg2 b5 5. Ne5 Bb7 6. O-O Nbd7 7. a4 b4 8. a5
Nxe5 9. dxe5 Nd7 10. f4 Bc5+ 11. Kh1 O-O 12. c4 bxc3 13. Nxc3 Ba6 14. Qc2 Rb8
15. f5 Nxe5 16. Nxd5 exd5 17. Qxc5 Bxe2 18. Rg1 Nd3 0-1

[Event "Moscow Open A 2015"]
[Site "Moscow RUS"]
[Date "2015.01.31"]
[Round "1.53"]
[White "Chekhov, Sergei"]
[Black "Shapiro, David"]
[Result "1-0"]
[WhiteTitle "IM"]
[BlackTitle "FM"]
[WhiteElo "2470"]
[BlackElo "2252"]
[WhiteFideId "4195639"]
[BlackFideId "24133523"]
[EventDate "2015.01.31"]

1. e4 e6 2. d4 d5 3. Nc3 Bb4 4. e5 c5 5. Qg4 Ne7 6. dxc5 Nbc6 7. Bd2 O-O 8. Bd3
Ng6 9. Nf3 Bxc5 10. Qh5 Nb4 11. O-O Nxd3 12. cxd3 Be7 13. Rae1 b6 14. Ng5 Bxg5
15. Bxg5 Qc7 16. Re3 h6 17. Bxh6 gxh6 18. Qxh6 d4 19. Nb5 Qc5 20. Rh3 Rd8 21.
Nd6 Rxd6 22. exd6 Qxd6 23. Qh7+ Kf8 24. Rf3 Ne5 25. Rg3 Qd5 26. f4 Ng6 27. Rg5
Qc6 28. h4 Ke8 29. h5 Nh4 30. Qg8+ Ke7 31. Rg7 Bd7 32. Qxf7+ Kd6 33. Qe7+ 1-0

[Event "Moscow Open A 2015"]
[Site "Moscow RUS"]
[Date "2015.01.31"]
[Round "1.54"]
[White "Ovchinnikov, Vsevolod"]
[Black "Yilmazyerli, Mert"]
[Result "1/2-1/2"]
[WhiteTitle "FM"]
[BlackTitle "IM"]
[WhiteElo "2249"]
[BlackElo "2465"]
[WhiteFideId "24176842"]
[BlackFideId "6305962"]
[EventDate "2015.01.31"]

1. d4 g6 2. c4 Bg7 3. Nf3 d6 4. Nc3 Nf6 5. e4 O-O 6. Be2 e5 7. d5 Na6 8. O-O Nc5
9. Qc2 a5 10. Bg5 h6 11. Be3 b6 12. Nd2 Bg4 13. f3 Bd7 14. Rfe1 Nh5 15. Bf1 f5
16. exf5 Bxf5 17. Nde4 Nf6 18. Bxc5 bxc5 19. Bd3 Nh5 20. g3 Nf6 21. Rf1 Nxe4 22.
Nxe4 h5 23. Qd2 Qe7 24. Qc2 Qd8 25. Qd2 Qe7 26. Qc2 Qd8 27. Qd2 Qe7 1/2-1/2

[Event "Moscow Open A 2015"]
[Site "Moscow RUS"]
[Date "2015.01.31"]
[Round "1.55"]
[White "Mokshanov, Alexey"]
[Black "Kovalev, Egor"]
[Result "1/2-1/2"]
[WhiteTitle "IM"]
[WhiteElo "2460"]
[BlackElo "2249"]
[WhiteFideId "24121657"]
[BlackFideId "24124117"]
[EventDate "2015.01.31"]

1. e4 c5 2. Nf3 e6 3. c3 d5 4. e5 Ne7 5. d4 Nec6 6. Bd3 b6 7. Qe2 a5 8. Bb5 Ba6
9. a4 c4 10. b3 cxb3 11. O-O Be7 12. Ba3 O-O 13. Bxe7 Nxe7 14. Nfd2 Qc7 15. Ra3
Bxb5 16. axb5 a4 17. Nxb3 Nd7 18. Nc1 Ra5 19. Nd2 Rfa8 20. Na2 Nf8 21. Rb1 Qd7
22. Rb4 Nfg6 23. g3 Nc8 24. Qd3 f6 25. f4 Nge7 26. Qb1 fxe5 27. fxe5 Na7 28.
Raxa4 Nxb5 29. Rxa5 Rxa5 30. Qb2 Nc8 31. Nc1 Nc7 32. Nd3 Na6 33. Rb3 Qa4 34. Kg2
Qa1 35. Qxa1 Rxa1 36. Rb1 Ra2 37. Rb2 Rxb2 38. Nxb2 b5 39. Nd3 Nb6 40. Kf2 Na4
41. Nb1 Kf7 1/2-1/2

[Event "Moscow Open A 2015"]
[Site "Moscow RUS"]
[Date "2015.01.31"]
[Round "1.56"]
[White "Kuprijanov, Anatoly"]
[Black "Sanal, Vahap"]
[Result "0-1"]
[BlackTitle "IM"]
[WhiteElo "2248"]
[BlackElo "2460"]
[WhiteFideId "24141143"]
[BlackFideId "6300545"]
[EventDate "2015.01.31"]

1. Nf3 Nf6 2. d4 e6 3. Bf4 c5 4. c3 Nc6 5. e3 d5 6. Nbd2 Bd6 7. Bg3 O-O 8. Bd3
cxd4 9. exd4 Qc7 10. Qe2 g6 11. Bxd6 Qxd6 12. Ne5 Nd7 13. f4 f6 14. Nxd7 Bxd7
15. O-O e5 16. fxe5 fxe5 17. dxe5 Nxe5 18. Nb3 Rae8 19. Rxf8+ Rxf8 20. Nd4 Ng4
21. Nf3 Qb6+ 22. Nd4 Rf2 23. Qe7 Qxb2 24. Nc2 Qb6 25. Nd4 Qc7 26. Qh4 Qxc3 27.
Nc2 Qxd3 28. Qd8+ Rf8 29. Qxd7 Qxc2 30. Qxg4 Qf2+ 0-1

[Event "Moscow Open A 2015"]
[Site "Moscow RUS"]
[Date "2015.01.31"]
[Round "1.57"]
[White "Kanmazalp, Ogulcan"]
[Black "Tarasov, Oleg"]
[Result "1-0"]
[WhiteTitle "IM"]
[WhiteElo "2457"]
[BlackElo "2247"]
[WhiteFideId "6304990"]
[BlackFideId "4162870"]
[EventDate "2015.01.31"]

1. e4 c5 2. Nf3 d6 3. d4 cxd4 4. Nxd4 Nf6 5. Nc3 a6 6. g3 e5 7. Nb3 Be6 8. Bg2
Nbd7 9. O-O Be7 10. a4 O-O 11. Re1 Nc5 12. Nd2 Qa5 13. Nf1 b5 14. Bd2 b4 15. Nd5
Nxd5 16. exd5 Bd7 17. Ne3 Qc7 18. a5 Na4 19. b3 Nc3 20. Bxc3 bxc3 21. Nc4 f5 22.
Nxe5 Bb5 23. Nc6 Bf6 24. Nd4 Bxd4 25. Qxd4 Rae8 26. Re6 Bd7 27. Rxe8 Rxe8 28.
Bf1 Bb5 29. Bxb5 axb5 30. Qd3 Qc5 31. Qxf5 Re5 32. Qf3 Re8 33. a6 h6 34. a7 Ra8
35. Qe3 Kf7 36. Qxc5 dxc5 37. f4 Ke7 38. Ra6 b4 39. Kf2 c4 40. bxc4 b3 41. cxb3
c2 42. Ra1 1-0

[Event "Moscow Open A 2015"]
[Site "Moscow RUS"]
[Date "2015.01.31"]
[Round "1.58"]
[White "Lomasov, Semen"]
[Black "Barsov, Alexei"]
[Result "1-0"]
[WhiteTitle "FM"]
[BlackTitle "GM"]
[WhiteElo "2305"]
[BlackElo "2455"]
[WhiteFideId "24164879"]
[BlackFideId "14200082"]
[EventDate "2015.01.31"]

1. e4 e6 2. d4 d5 3. Nc3 Bb4 4. exd5 exd5 5. Bd3 Nc6 6. a3 Be7 7. Nge2 Bf6 8.
Be3 Nge7 9. O-O O-O 10. Ng3 Bxd4 11. Bxd4 Nxd4 12. Bxh7+ Kxh7 13. Qxd4 c6 14.
Nd1 Nf5 15. Nxf5 Bxf5 16. Ne3 Bg6 17. f4 Qb6 18. Qxb6 axb6 19. f5 Bh5 20. Rf4
Be2 21. f6 Rfe8 22. Kf2 g5 23. Rb4 Ba6 24. h4 Kg6 25. hxg5 Re5 26. Rh1 Rxg5 27.
Rf4 Re8 28. g4 Rge5 29. Nf5 Kxf6 30. Kg3 1-0

[Event "Moscow Open A 2015"]
[Site "Moscow RUS"]
[Date "2015.01.31"]
[Round "1.59"]
[White "Miroshnichenko, Pavel"]
[Black "Kuderinov, Kirill"]
[Result "0-1"]
[BlackTitle "IM"]
[WhiteElo "2245"]
[BlackElo "2452"]
[WhiteFideId "4188659"]
[BlackFideId "13701568"]
[EventDate "2015.01.31"]

1. e4 e5 2. Bc4 Nf6 3. d3 Nc6 4. Nf3 Bc5 5. O-O d6 6. c3 Bb6 7. Nbd2 O-O 8. Bb3
Ne7 9. Nc4 Ng6 10. Re1 h6 11. d4 exd4 12. cxd4 d5 13. Nxb6 axb6 14. Ne5 Nxe5 15.
dxe5 Nxe4 16. Bxd5 Nc5 17. Be3 c6 18. Bc4 Be6 19. Bxe6 fxe6 20. Qg4 Ra4 21. b4
Qe7 22. a3 Nd3 23. Qd1 Nxe1 24. Qxa4 Nd3 25. Bxb6 Qg5 26. Be3 Qxe5 27. Rf1 Qe4
28. Qb3 Rf6 29. Qb1 e5 30. Bc5 Qc4 31. Be3 e4 32. Qd1 Qd5 33. f3 b5 34. fxe4
Qxe4 35. Rf3 Kh7 36. Bf2 Nf4 37. Kh1 Rf5 38. Bg3 Rd5 39. Qf1 Ne2 40. h3 Qc2 41.
Be1 Qe4 42. Bf2 Rd2 43. Kh2 Qe5+ 44. Kh1 Kg8 45. Qe1 Qd6 46. Bg3 Qd4 47. Bf2 Rd1 0-1

[Event "Moscow Open A 2015"]
[Site "Moscow RUS"]
[Date "2015.01.31"]
[Round "1.60"]
[White "Tabatabaei, M.amin"]
[Black "Nikologorsky, Matfei"]
[Result "1-0"]
[WhiteTitle "FM"]
[WhiteElo "2444"]
[BlackElo "2243"]
[WhiteFideId "12521213"]
[BlackFideId "24102474"]
[EventDate "2015.01.31"]

1. d4 Nf6 2. c4 e6 3. Nc3 Bb4 4. e3 O-O 5. Bd3 b6 6. Nf3 Bb7 7. O-O Bxc3 8. bxc3
Ne4 9. Ne1 f5 10. f3 Ng5 11. c5 bxc5 12. Ba3 d6 13. dxc5 Nf7 14. Rb1 Bc6 15.
cxd6 cxd6 16. Nc2 Ba4 17. Qe2 Nc6 18. Nd4 Qf6 19. Ba6 Nxd4 20. cxd4 Bc6 21. Rfc1
Bd5 22. Rc7 Rab8 23. Rd1 Rb6 24. Rxa7 Rfb8 25. Bc4 f4 26. Bxd5 exd5 27. exf4
Qxf4 28. Bc1 Qf5 29. a4 Rc6 30. a5 Rc2 31. Bd2 Ng5 32. a6 Ne6 33. Re7 Nxd4 34.
Re8+ Rxe8 35. Qxe8+ Qf8 36. Qxf8+ Kxf8 37. Bb4 Nf5 38. a7 Rc8 39. Rxd5 g6 40.
Bxd6+ Nxd6 41. Rxd6 Ke7 42. Rc6 Rd8 43. Rc7+ Kf6 44. Rxh7 Rd1+ 45. Kf2 Ra1 46.
h4 Ra5 47. g4 Ra3 48. Kg3 Ra4 49. Rb7 Ra1 50. g5+ Ke6 51. Rg7 Kf5 52. Rf7+ Ke5
53. h5 gxh5 54. g6 Ke6 55. Rb7 1-0

[Event "Moscow Open A 2015"]
[Site "Moscow RUS"]
[Date "2015.01.31"]
[Round "1.61"]
[White "Sattarov, Bobir"]
[Black "Krapivin, Alexander"]
[Result "1/2-1/2"]
[BlackTitle "GM"]
[WhiteElo "2243"]
[BlackElo "2443"]
[WhiteFideId "14203081"]
[BlackFideId "4154720"]
[EventDate "2015.01.31"]

1. Nf3 b6 2. g3 Bb7 3. Bg2 Nf6 4. O-O e6 5. d3 Be7 6. e4 d6 7. Re1 c5 8. c3 O-O
9. Nbd2 Nbd7 10. a4 Rc8 11. Nc4 Rc7 12. Bf4 Ne8 13. Qe2 Ba6 14. h4 h6 15. e5
dxe5 16. Nfxe5 Nxe5 17. Nxe5 Bd6 18. Rad1 Bxe5 19. Bxe5 Rd7 20. c4 f6 21. Bc3 e5
22. f4 exf4 23. Bc6 Nc7 24. gxf4 Re8 25. Qh5 Rxe1+ 26. Rxe1 Re7 27. Be4 Bc8 28.
Qg6 f5 29. Bxf5 Bxf5 30. Qxf5 Rf7 31. Qg6 Qxh4 32. Re4 Qh3 33. Kf2 Qd7 34. a5
Ne8 35. axb6 axb6 36. Ke2 b5 37. Qe6 Nd6 38. Qxd7 Rxd7 39. Re5 bxc4 40. dxc4 Kf7
41. Rd5 Re7+ 42. Kd3 Nb7 43. Be5 g6 44. Ke4 Ke6 45. Rd1 h5 46. Rg1 Nd6+ 47. Kd3
Kf7 48. Ra1 h4 49. Bxd6 Rd7 50. Rh1 Rxd6+ 51. Kc3 Re6 52. Rxh4 Re3+ 53. Kd2 Rf3
54. Rg4 Rf2+ 55. Kc3 Rf3+ 56. Kc2 Kf6 57. Rg5 Rxf4 58. Rxc5 g5 59. Kc3 g4 60.
Rd5 g3 61. Rd1 g2 62. Rg1 Rg4 63. Kd3 Ke6 1/2-1/2

[Event "Moscow Open A 2015"]
[Site "Moscow RUS"]
[Date "2015.01.31"]
[Round "1.62"]
[White "Konovalov, Nikolay"]
[Black "Rozanov, Pavel B."]
[Result "1-0"]
[WhiteTitle "IM"]
[BlackTitle "FM"]
[WhiteElo "2442"]
[BlackElo "2241"]
[WhiteFideId "4170962"]
[BlackFideId "4129270"]
[EventDate "2015.01.31"]

1. d4 d5 2. c4 c6 3. Nc3 dxc4 4. Nf3 Nf6 5. a4 Bf5 6. e3 e6 7. Bxc4 Bb4 8. O-O
O-O 9. Qe2 Bg4 10. h3 Bh5 11. Rd1 Nbd7 12. e4 h6 13. Na2 Be7 14. b3 Bg6 15. Bd3
c5 16. Bb2 Qb6 17. Ne5 Nxe5 18. dxe5 Nh7 19. Bc4 Rfd8 20. f4 a6 21. Rf1 f5 22.
exf6 Nxf6 23. f5 Bf7 24. e5 Nd5 25. f6 Bf8 26. Qe4 Rd7 27. Rf3 Rad8 28. Rg3 Nb4
29. fxg7 Be7 30. Nxb4 cxb4+ 31. Kh2 Rd1 32. Rxd1 Rxd1 33. Re3 Bg5 34. Bd3 Kxg7
35. Bd4 Qc7 36. Qh7+ Kf8 37. Rf3 Rxd3 38. Bc5+ 1-0

[Event "Moscow Open A 2015"]
[Site "Moscow RUS"]
[Date "2015.01.31"]
[Round "1.63"]
[White "Bikuzhin, Maksim"]
[Black "Petrov, Nikita"]
[Result "0-1"]
[BlackTitle "IM"]
[WhiteElo "2241"]
[BlackElo "2436"]
[WhiteFideId "24128015"]
[BlackFideId "4101286"]
[EventDate "2015.01.31"]

1. e4 c5 2. Nc3 Nc6 3. f4 e6 4. Nf3 d5 5. Bb5 Ne7 6. exd5 exd5 7. Qe2 f6 8.
Bxc6+ bxc6 9. O-O Kf7 10. b3 Nf5 11. d3 Bd6 12. Ne5+ Kg8 13. Nf3 Kf7 14. Ne5+
fxe5 15. fxe5 Bc7 16. g4 Re8 17. gxf5 Bxe5 18. Qh5+ Kg8 19. Bg5 Qd7 20. Rae1 Qf7
21. Qxf7+ Kxf7 22. Nd1 a5 23. Be3 c4 24. bxc4 dxc4 25. d4 Bf6 26. c3 Rb8 27. Bd2
Rxe1 28. Bxe1 Bg5 29. Bf2 Bxf5 30. Be3 Kg6 31. Bxg5 Kxg5 32. Ne3 Be6 33. Re1 Kf6
34. Ng2 g5 35. Kf2 h6 36. h4 a4 37. hxg5+ hxg5 38. Ne3 Rb2+ 39. Re2 a3 40. Ke1
g4 0-1

[Event "Moscow Open A 2015"]
[Site "Moscow RUS"]
[Date "2015.01.31"]
[Round "1.64"]
[White "Kukhmazov, Arsen"]
[Black "Kardashevskiy, Evgeny"]
[Result "1/2-1/2"]
[WhiteTitle "FM"]
[WhiteElo "2434"]
[BlackElo "2236"]
[WhiteFideId "24108260"]
[BlackFideId "24108138"]
[EventDate "2015.01.31"]

1. d4 Nf6 2. c4 c5 3. d5 b5 4. Qc2 bxc4 5. e4 d6 6. Nf3 g6 7. Bxc4 Bg7 8. O-O
O-O 9. Nc3 Nbd7 10. h3 Nb6 11. Be2 Ne8 12. Bf4 Nc7 13. Rfd1 Bb7 14. Rd2 Qc8 15.
Rad1 Nd7 16. a3 Ba6 17. Re1 Bxe2 18. Rexe2 Bxc3 19. Qxc3 f6 20. Bh6 Rf7 21. Rd1
Rb8 22. Rc2 Nb5 23. Qe3 Qa6 24. Qe2 Qa5 25. Be3 Rff8 26. Nd2 Qa4 27. Qc4 Qa6 28.
f4 Nc7 29. Qxa6 Nxa6 30. Nc4 Rb3 31. Bd2 f5 32. exf5 Rxf5 33. Re1 Kf8 34. Na5
Rd3 35. Nc6 Rfxd5 36. Bc3 Rd1 37. Re2 Rxe1+ 38. Rxe1 e5 39. fxe5 Nxe5 40. Nxe5
dxe5 41. Bxe5 Kf7 42. Re4 c4 43. Bf4 Rb5 44. Rxc4 Rxb2 45. Ra4 Rb6 46. Be3 Rc6
47. Bxa7 Ke6 48. Kf2 Kd5 49. Be3 Nc7 50. Rd4+ Ke5 51. Kf3 Rc3 52. Re4+ Kf5 53.
a4 Nd5 54. g4+ Kf6 55. Kf2 Rc2+ 56. Kg1 Nxe3 57. Rxe3 Ra2 58. Re4 Kg5 59. Re7
Rxa4 1/2-1/2

[Event "Moscow Open A 2015"]
[Site "Moscow RUS"]
[Date "2015.01.31"]
[Round "1.65"]
[White "Shapkin, Anatoliy"]
[Black "Munguntuul, Batkhuyag"]
[Result "1/2-1/2"]
[BlackTitle "IM"]
[WhiteElo "2236"]
[BlackElo "2433"]
[WhiteFideId "34108332"]
[BlackFideId "4900758"]
[EventDate "2015.01.31"]

1. d4 Nf6 2. c4 c5 3. d5 g6 4. Nc3 d6 5. Nf3 Bg7 6. e4 O-O 7. Be2 a6 8. O-O e6
9. h3 exd5 10. exd5 Re8 11. Bf4 Ne4 12. Nxe4 Rxe4 13. Bg5 Qf8 14. Bd3 Re8 15.
Qd2 f6 16. Be3 Nd7 17. Rae1 f5 18. b3 Rb8 19. a4 h6 20. Qc2 b6 21. Bd2 Ne5 22.
Nxe5 dxe5 23. f3 Bd7 24. Re2 b5 25. axb5 axb5 26. Bc3 b4 27. Bb2 Qd6 28. Rfe1
Ra8 29. Qb1 Bf6 30. Kh1 h5 31. Re3 Re7 32. R3e2 Ra3 33. Qc1 Ra8 34. Qh6 Bg7 35.
Qg5 Kf7 36. Qg3 Rae8 37. Bc1 Kg8 38. Ra2 Qb6 39. Rae2 Kh7 40. Bb2 Qd6 41. Ra1
Qb6 42. Rae1 Qd6 43. Bc2 Bf6 44. Ra1 Bc8 45. Rae1 Kg7 46. Bc1 h4 47. Qh2 Kf7 48.
Bb2 Bb7 49. Ba1 Qa6 50. Qg1 Qd6 51. Qh2 Ba6 52. Bb2 Bc8 53. Ba1 Kg8 54. Bb2 Kf7
55. Bc1 Ra7 56. Bb2 Rae7 57. Bc1 Ra7 1/2-1/2

[Event "Moscow Open A 2015"]
[Site "Moscow RUS"]
[Date "2015.01.31"]
[Round "1.66"]
[White "Pourramezanali, Amirreza"]
[Black "Ivlev, Aleksey"]
[Result "1/2-1/2"]
[WhiteTitle "IM"]
[WhiteElo "2432"]
[BlackElo "2231"]
[WhiteFideId "12511412"]
[BlackFideId "24185949"]
[EventDate "2015.01.31"]

1. d4 Nf6 2. Nf3 g6 3. Bg5 Bg7 4. Nbd2 d6 5. e4 O-O 6. c3 c5 7. dxc5 dxc5 8. Bc4
Nc6 9. Qe2 Qc7 10. O-O h6 11. Bxf6 exf6 12. Nh4 g5 13. Nf5 Bxf5 14. exf5 Rae8
15. Ne4 Qf4 16. Rae1 Qxf5 17. f4 gxf4 18. Qf2 Re5 19. Nd6 Qg4 20. Rd1 Nd8 21. h3
Qg5 22. Qxf4 Qxf4 23. Rxf4 Ne6 24. Bxe6 fxe6 25. Nxb7 f5 26. Rd7 Re1+ 27. Rf1
Re5 28. Kf2 c4 29. Re1 Rd5 30. Rxd5 exd5 31. Re2 Rf6 32. Nd8 Rb6 33. Ne6 Kf7 34.
Nxg7 Kxg7 35. Kg3 Kf6 36. Kf4 Ra6 37. Re5 Rxa2 38. Rxd5 Rxb2 39. Rd6+ Kg7 40.
Rd7+ Kg6 41. Rd6+ Kg7 42. Rd7+ Kg6 1/2-1/2

[Event "Moscow Open A 2015"]
[Site "Moscow RUS"]
[Date "2015.01.31"]
[Round "1.67"]
[White "Tleptsok, Ruslan"]
[Black "Seliverstov, Vladimir"]
[Result "0-1"]
[BlackTitle "FM"]
[WhiteElo "2226"]
[BlackElo "2432"]
[WhiteFideId "24104485"]
[BlackFideId "4192036"]
[EventDate "2015.01.31"]

1. e4 c5 2. Nf3 d6 3. c3 Nf6 4. Bc4 Nc6 5. d4 cxd4 6. cxd4 Nxe4 7. d5 Ne5 8.
Nxe5 dxe5 9. O-O Nd6 10. Bb3 g6 11. f4 Bg7 12. fxe5 Bxe5 13. Qe2 Bg7 14. Bg5 h6
15. Bf4 O-O 16. Be5 Qb6+ 17. Kh1 Qb5 18. Qe1 Bxe5 19. Na3 Qxf1+ 20. Qxf1 Bxb2
21. Nc2 Bxa1 22. Qxa1 Bd7 23. Qe5 Rfe8 24. Nd4 Rac8 25. h3 a5 26. a4 Nf5 27. Nf3
b5 28. axb5 Bxb5 29. Qf4 a4 30. Ba2 Rc2 31. g4 Ng3+ 32. Qxg3 Rxa2 33. Qf4 Rc8
34. Nd4 Bc4 0-1

[Event "Moscow Open A 2015"]
[Site "Moscow RUS"]
[Date "2015.01.31"]
[Round "1.68"]
[White "Makhmutov, Rail"]
[Black "Klukin, Kirill"]
[Result "1/2-1/2"]
[WhiteTitle "FM"]
[WhiteElo "2428"]
[BlackElo "2225"]
[WhiteFideId "4122151"]
[BlackFideId "24199273"]
[EventDate "2015.01.31"]

1. d4 Nf6 2. Bf4 g6 3. e3 Bg7 4. Nf3 O-O 5. Be2 d6 6. O-O b6 7. h3 Bb7 8. c3
Nbd7 9. a4 a6 10. Nbd2 Re8 11. Nc4 Ne4 12. Bh2 e6 13. Qc2 f5 14. Ncd2 Ndf6 15.
Rfd1 Qe7 16. Nxe4 Nxe4 17. Bd3 Bh6 18. Qe2 Red8 19. Nd2 Nf6 20. Bf4 Bxf4 21.
exf4 Re8 22. Re1 Kg7 23. Qe3 Qd7 24. Kh2 Re7 25. Bf1 Rae8 26. Nc4 Bc6 27. b3 Bd5
28. Kg1 Ne4 29. f3 Nf6 30. Nd2 Bb7 31. Nc4 Bd5 32. Rad1 Bxc4 33. Bxc4 b5 34.
axb5 axb5 35. Bf1 Nd5 36. Qd2 c6 37. c4 bxc4 38. bxc4 Nf6 39. Qc3 Qc7 40. Ra1 c5
41. Ra6 Rd8 42. Rd1 Kf7 43. d5 exd5 44. cxd5 Qb7 45. Qa5 Qc7 46. Qa1 Rb8 47. Rc6
Qd8 48. Qa6 Ne8 49. Ra1 Reb7 50. Qd3 1/2-1/2

[Event "Moscow Open A 2015"]
[Site "Moscow RUS"]
[Date "2015.01.31"]
[Round "1.69"]
[White "Bulavin, Alexander"]
[Black "Asgarizadeh, Ahmad"]
[Result "0-1"]
[WhiteElo "2221"]
[BlackElo "2424"]
[WhiteFideId "4178033"]
[BlackFideId "12505684"]
[EventDate "2015.01.31"]

1. Nf3 d5 2. d4 Nf6 3. Bf4 c5 4. Bxb8 Rxb8 5. c3 Qb6 6. Qb3 c4 7. Qxb6 axb6 8.
Nbd2 b5 9. Ne5 Ra8 10. a3 Bf5 11. Rc1 e6 12. e3 Bd6 13. Ndf3 h6 14. Be2 Ne4 15.
Nh4 Bh7 16. f4 g5 17. fxg5 hxg5 18. Nhf3 f6 19. Ng4 Bf5 20. Nf2 Nxf2 21. Kxf2 g4
22. Nd2 Bxh2 23. Rxh2 g3+ 24. Kf3 gxh2 25. Rh1 Ke7 26. Kf2 b4 27. cxb4 c3 28.
bxc3 Rxa3 29. e4 Bxe4 0-1

[Event "Moscow Open A 2015"]
[Site "Moscow RUS"]
[Date "2015.01.31"]
[Round "1.70"]
[White "Zakhartsov, Vladimir"]
[Black "Mukhitdinov, Akmalkhon"]
[Result "1-0"]
[WhiteTitle "IM"]
[WhiteElo "2421"]
[BlackElo "2218"]
[WhiteFideId "4145097"]
[BlackFideId "24150851"]
[EventDate "2015.01.31"]

1. e4 c5 2. Nf3 Nc6 3. Nc3 Nf6 4. Bb5 e6 5. O-O Be7 6. e5 Nd5 7. Bxc6 bxc6 8.
Ne4 f5 9. Nd6+ Bxd6 10. exd6 O-O 11. c4 Nb6 12. d3 f4 13. b3 Qf6 14. Ba3 Bb7 15.
Re1 Qh6 16. Re5 Rf6 17. Bxc5 Raf8 18. Qd2 Qg6 19. Rae1 Qe8 20. Nd4 Qb8 21. f3
Ba8 22. Ba3 h6 23. Ne2 g5 24. Nc3 Rg6 25. h3 h5 26. Ne4 Qd8 27. Bb2 c5 28. Rxc5
Nc8 29. Qc3 Kh7 30. Qe5 Rf5 31. Qd4 Bxe4 32. dxe4 Rf8 33. Qe5 Qb6 34. Bd4 Qxd6
35. Qxd6 Nxd6 36. Rc7 Rf7 37. Be5 Ne8 38. Rxa7 g4 39. hxg4 hxg4 40. Kf2 g3+ 41.
Ke2 Rh6 42. Kd3 Kg6 43. Ra8 Ng7 44. Rg8 1-0

[Event "Moscow Open A 2015"]
[Site "Moscow RUS"]
[Date "2015.01.31"]
[Round "1.71"]
[White "Vokhidov, Shamsiddin"]
[Black "Kopylov, Alexander A."]
[Result "1-0"]
[BlackTitle "IM"]
[WhiteElo "2218"]
[BlackElo "2420"]
[WhiteFideId "14204223"]
[BlackFideId "4164857"]
[EventDate "2015.01.31"]

1. e4 e5 2. Nf3 Nc6 3. Bb5 a6 4. Ba4 Nf6 5. O-O Be7 6. Re1 b5 7. Bb3 d6 8. c3
O-O 9. h3 Nb8 10. d4 Nbd7 11. Nbd2 Bb7 12. Bc2 Re8 13. Nf1 Bf8 14. Ng3 g6 15. a4
c5 16. d5 c4 17. Bg5 h6 18. Be3 Kh7 19. Qd2 Nc5 20. Nh2 Qd7 21. Qe2 Reb8 22. Rf1
Bg7 23. f4 Nxa4 24. fxe5 dxe5 25. Bxa4 bxa4 26. Qxc4 Nxd5 27. exd5 Qxd5 28. Qxd5
Bxd5 29. Rfd1 Bb3 30. Rd7 f5 31. Bc5 Rd8 32. Re7 Rd5 33. Ba3 Rad8 34. Nf3 R5d7
35. Rxd7 Rxd7 36. Ne2 g5 37. Re1 Kg6 38. g4 f4 39. Nc1 Bc2 40. Rxe5 Bd1 41. Ne2
Rd3 42. Re6+ Kf7 43. Re7+ Kf6 44. Kf2 Bf8 45. Ne5 Bxe7 46. Nxd3 Bxa3 47. bxa3
Ke6 48. Nd4+ Kd5 49. Ke1 Kc4 50. Kd2 Bb3 51. Nb2+ Kd5 52. Kd3 Ba2 53. c4+ Ke5
54. Nf3+ Kf6 55. Kd4 1-0

[Event "Moscow Open A 2015"]
[Site "Moscow RUS"]
[Date "2015.01.31"]
[Round "1.72"]
[White "Duzhakov, Ilya"]
[Black "Gurvich, Vitaly"]
[Result "1/2-1/2"]
[WhiteTitle "FM"]
[WhiteElo "2420"]
[BlackElo "2216"]
[WhiteFideId "4192516"]
[BlackFideId "24164852"]
[EventDate "2015.01.31"]

1. d4 Nf6 2. c4 g6 3. Nc3 Bg7 4. g3 O-O 5. Bg2 d6 6. Nf3 Bg4 7. h3 Bxf3 8. exf3
Nc6 9. f4 Nd7 10. Be3 Na5 11. b3 c5 12. O-O Nc6 13. Ne2 Qc7 14. Qd2 a6 15. Rac1
Rab8 16. Rfd1 Rfd8 17. Qe1 Re8 18. d5 Na5 19. Bd2 b6 20. Nc3 b5 21. Ne4 Nb7 22.
Qf1 Qb6 23. Rb1 b4 24. Qd3 a5 25. Bc1 a4 26. Bb2 Nf6 27. Nd2 Ra8 28. Nf3 Nh5 29.
f5 axb3 30. axb3 Ra2 31. Bxg7 Nxg7 32. fxg6 hxg6 33. Ng5 Qc7 34. Qe4 Nh5 35. Rd3
Nf6 36. Qh4 Kg7 37. Re1 Qd7 38. Rf3 Rh8 39. Qf4 Nd8 40. g4 Rf8 41. Rfe3 Re8 42.
Rf3 Rf8 43. Bf1 Ra3 44. Qc1 e5 45. dxe6 Nxe6 46. Nxe6+ fxe6 47. Qd2 Rf7 48. Bd3
Nh7 49. Rfe3 Ng5 50. Be2 e5 51. Rd1 Rf6 52. Qd5 Qe7 53. h4 Nf7 54. Qe4 1/2-1/2